Enfermedades infecciosas felinas

Guardado en:
Detalles Bibliográficos
Autor principal: Palmero Colado, María Luisa
Otros Autores: Carballés Pérez, Vanesa Autora
Formato: Libros Sala
Lenguaje:Español
Publicado: Servet
Materias:
LEADER 00947nam#a2200325#c#4500
001 UMA-000284
003 UMA
005 20260511 155729
008 260511suuuu#### ##########||||#0#spa#d
020 # # |a 9788492569380 
041 0 |a spa 
044 # # |a sp 
082 0 4 |a SEDE CENTRAL 636.086 PAL 
100 1 # |a Palmero Colado, María Luisa  |e Autor 
245 0 0 |a Enfermedades infecciosas felinas  |c María Luisa Palmero Colado 
264 # 0 |a Zaragoza, España  |b Servet  |c 2010 
300 # # |a X- 421 páginas  |c 25 x 17 cm  |b Fotografía color 
336 # # |a texto  |b txt  |2 rdacontent 
337 # # |a no mediado  |b n  |2 rdamedia 
338 # # |a volumen  |b nc  |2 rdacarrier 
650 # 0 |a Veterinaria 
650 # 0 |a Ciencias veterinarias 
650 # 0 |a Enfermedades infecciosas 
650 # 0 |a Felinos 
650 # 0 |a Gatos 
650 # 0 |a Sede Central 
650 # 0 |a Epidemiología veterinaria 
650 # 0 |a Etiología 
650 # 0 |a Patogenia 
700 0 # |a Carballés Pérez, Vanesa  |e Autora